| 000 | 01696pam a2200217 4500 | ||
|---|---|---|---|
| 001 | 8648 | ||
| 005 | 20181127190437.0 | ||
| 008 | 831003s1984 vaua 001 0 eng | ||
| 010 | _a83021237 | ||
| 020 |
_a9780071105828 _c |
||
| 100 | 1 |
_aBell, David A., _d1930- |
|
| 245 | 1 | 0 |
_aFundamentals of electric circuits / _cDavid A. Bell |
| 250 | _a3rd ed | ||
| 260 |
_aReston, Va. : _bReston Pub. Co., _c2007. |
||
| 300 |
_axvi, 847 p. : _bill. ; _c25 cm |
||
| 500 | _aIncludes index | ||
| 505 |
_aCONTENTS : Part 1 DC Circuits1 Basic Concepts2 Basic Laws3 Methods of Analysis4 Circuit Theorems5 Operational Amplifiers6 Capacitors and Inductors7 First-Order Circuits8 Second-Order CircuitsPart 2 AC Circuits9 Sinusoids and Phasors10 Sinusoidal Steady-State Analysis11 AC Power Analysis12 Three-Phase Circuits13 Magnetically Coupled Circuits14 Frequency ResponsePart 3 Advanced Circuit Analysis15 Introduction to the Laplace Transform16 Applications of the Laplace Transform17 The Fourier Series18 Fourier Transform19 Two-Port NetworksAppendix A Simultaneous Equations and Matrix InversionAppendix B Complex NumbersAppendix C Mathematical FormulasAppendix D PSpice for WindowsAppendix E MATLABAppendix F KCIDEAppendix G Answers to Odd-Numbered Problems _g _r _t |
||
| 520 | _aPresenting circuit analysis, this book introduces students to the sound, six-step problem solving methodology in chapter one, and makes them apply and practice these steps in practice problems and homework problems. It features: a balance of theory, worked examples and extended examples, practice problems, and real-world applications. | ||
| 650 | 0 | _aElectric circuits | |
| 999 |
_c7495 _d7495 |
||